10 Biggest cities in Iceland - Statistics

General Stats
  • This quiz has been taken 144 times
  • The average score is 4 of 10
Answer Stats
Population Cities % Correct
136 894 Reykjavík
99%
19 812 Akureyri
74%
39 335 Kópavogur
45%
30 616 Hafnarfjörður
37%
11 565 Selfoss
37%
8 071 Akranes
35%
13 403 Mosfellsbær
21%
19 088 Garðabær
19%
21 957 Reykjanesbær
19%
5 177 Múlaþing
5%
No matching quizzes found
Score Distribution
Percent of People with Each Score
Percentile by Number Answered
Your Score History
You have not taken this quiz